Curriculum development and educational technology (Record no. 2093)
[ view plain ]
| 000 -LEADER | |
|---|---|
| fixed length control field | 00637cam a2200217ua 4500 |
| 001 - CONTROL NUMBER | |
| control field | 2228 |
| 005 - DATE AND TIME OF LATEST TRANSACTION | |
| control field | 20260515113449.0 |
| 008 - FIXED-LENGTH DATA ELEMENTS--GENERAL INFORMATION | |
| fixed length control field | 110805n ii |||gr||||Z||||||eng |
| 020 ## - INTERNATIONAL STANDARD BOOK NUMBER | |
| International Standard Book Number | 81-207-0093-7 |
| 040 ## - CATALOGING SOURCE | |
| Transcribing agency | MAIN |
| 082 ## - DEWEY DECIMAL CLASSIFICATION NUMBER | |
| Classification number | 375.001 |
| 100 ## - MAIN ENTRY--PERSONAL NAME | |
| Personal name | ed. by Mamidi, Malla Reddy, |
| 245 1# - TITLE STATEMENT | |
| Title | Curriculum development and educational technology |
| Statement of responsibility, etc. | ed. by Malla Reddy Mamidi |
| 250 ## - EDITION STATEMENT | |
| Edition statement | 1st. |
| 260 ## - PUBLICATION, DISTRIBUTION, ETC. | |
| Place of publication, distribution, etc. | New Delhi: |
| Name of publisher, distributor, etc. | Sterling publishers pvt. ltd.,995. |
| 300 ## - PHYSICAL DESCRIPTION | |
| Extent | xvi; 380p: |
| Other physical details | ill; |
| Dimensions | 23cm. |
| 653 ## - INDEX TERM--UNCONTROLLED | |
| Uncontrolled term | Education |
| 653 ## - INDEX TERM--UNCONTROLLED | |
| Uncontrolled term | Curriculum development and educational technology |
| 700 ## - ADDED ENTRY--PERSONAL NAME | |
| Personal name | ed. by Ravishankar, S., |
| 942 ## - ADDED ENTRY ELEMENTS (KOHA) | |
| Koha item type | Books |
| Withdrawn status | Lost status | Damaged status | Not for loan | Home library | Current library | Shelving location | Date acquired | Total checkouts | Full call number | Barcode | Date last seen | Copy number | Price effective from | Koha item type |
|---|---|---|---|---|---|---|---|---|---|---|---|---|---|---|
| Naharkatiya College Library | Naharkatiya College Library | General stacks | 09/19/2020 | 375.001 | MAM | 11498 | 09/19/2020 | 1 | 09/19/2020 | Books |